<?xml version="1.0" encoding="UTF-8"?><?xml-stylesheet type="text/xsl" href="static/style.xsl"?><OAI-PMH xmlns="http://www.openarchives.org/OAI/2.0/" xmlns:xsi="http://www.w3.org/2001/XMLSchema-instance" xsi:schemaLocation="http://www.openarchives.org/OAI/2.0/ http://www.openarchives.org/OAI/2.0/OAI-PMH.xsd"><responseDate>2026-04-13T07:19:03Z</responseDate><request verb="GetRecord" identifier="oai:www.recercat.cat:10256/26372" metadataPrefix="marc">https://recercat.cat/oai/request</request><GetRecord><record><header><identifier>oai:recercat.cat:10256/26372</identifier><datestamp>2025-02-12T20:29:28Z</datestamp><setSpec>com_2072_452955</setSpec><setSpec>com_2072_2054</setSpec><setSpec>col_2072_452960</setSpec></header><metadata><record xmlns="http://www.loc.gov/MARC21/slim" xmlns:dcterms="http://purl.org/dc/terms/" xmlns:xsi="http://www.w3.org/2001/XMLSchema-instance" xmlns:doc="http://www.lyncode.com/xoai" xsi:schemaLocation="http://www.loc.gov/MARC21/slim http://www.loc.gov/standards/marcxml/schema/MARC21slim.xsd">
   <leader>00925njm 22002777a 4500</leader>
   <datafield ind2=" " ind1=" " tag="042">
      <subfield code="a">dc</subfield>
   </datafield>
   <datafield ind2=" " ind1=" " tag="720">
      <subfield code="a">Massegur, Humbert</subfield>
      <subfield code="e">author</subfield>
   </datafield>
   <datafield ind2=" " ind1=" " tag="720">
      <subfield code="a">Carrera Burgaya, Ana</subfield>
      <subfield code="e">author</subfield>
   </datafield>
   <datafield ind2=" " ind1=" " tag="720">
      <subfield code="a">Gras-Cabrerizo, Juan Ramón</subfield>
      <subfield code="e">author</subfield>
   </datafield>
   <datafield ind2=" " ind1=" " tag="720">
      <subfield code="a">Tubbs, R. Shane</subfield>
      <subfield code="e">author</subfield>
   </datafield>
   <datafield ind2=" " ind1=" " tag="720">
      <subfield code="a">Reina de la Torre, Francisco</subfield>
      <subfield code="e">author</subfield>
   </datafield>
   <datafield ind2=" " ind1=" " tag="260">
      <subfield code="c">2025-01-01</subfield>
   </datafield>
   <datafield ind2=" " ind1=" " tag="520">
      <subfield code="a">Introduction and importance: Hydrorhinorrhea in response to sexual intercourse and orgasm (honeymoon rhinitis) is an underreported clinical presentation producing physical and behavior discomfort. Vidian neurectomy has been proposed for treating this condition when pharmacological treatment fails. Case presentation: We present a case of honeymoon rhinitis consisting of a 48 years-old male patient with left unilateral nasal discharge mainly present during sexual intercourse and orgasm. Exploratory nasal endoscopy, CT and MRI were normal. Beta-trace test and all allergy tests were negative. The response to antihistamines and corticosteroids had been negative. A Vidian endoscopic neurectomy was carried out. Clinical discussion: Using Vidian neurectomy, a complete sympathetic-parasympathetic denervation of the nasal mucosa was achieved. After a follow-up of 15 days, the patient stated that his symptoms had improved. Nasal obstruction, sneezing, and rhinorrhea had decreased without showing symptoms either in the morning or during sexual intercourse. After two years of follow-up, the symptoms were still resolved without any complaints related to his preoperative “honeymoon rhinitis.” Anatomical structural relationships between the activation of the autonomic nervous system in the pelvic region and the stimulation of sympathetic-parasympathetic neurons in the nasal mucosa is unknown. However, the use of Vidian neurectomy for treating these cases reveals they may be mediated by a possible disbalance of the autonomic activity. Conclusion: This case report gives background on the autonomic innervation of the nasal mucosa and how its imbalance causes a clinical condition that we suggest it could be solved by the Vidian neurectomy when other therapeutic measures fail</subfield>
   </datafield>
   <datafield ind2=" " ind1=" " tag="520">
      <subfield code="a">Open Access funding provided thanks to the CRUE-CSIC agreement with Elsevier</subfield>
   </datafield>
   <datafield ind1="8" ind2=" " tag="024">
      <subfield code="a">http://hdl.handle.net/10256/26372</subfield>
   </datafield>
   <datafield tag="653" ind2=" " ind1=" ">
      <subfield code="a">Cirurgia endoscòpica</subfield>
   </datafield>
   <datafield tag="653" ind2=" " ind1=" ">
      <subfield code="a">Endoscopic surgery</subfield>
   </datafield>
   <datafield tag="653" ind2=" " ind1=" ">
      <subfield code="a">Rinitis</subfield>
   </datafield>
   <datafield tag="653" ind2=" " ind1=" ">
      <subfield code="a">Rhinitis</subfield>
   </datafield>
   <datafield tag="653" ind2=" " ind1=" ">
      <subfield code="a">Sistema nerviós autònom -- Malalties</subfield>
   </datafield>
   <datafield tag="653" ind2=" " ind1=" ">
      <subfield code="a">Autonomic nervous system -- Diseases</subfield>
   </datafield>
   <datafield tag="653" ind2=" " ind1=" ">
      <subfield code="a">Nas -- Cirurgia endoscòpica</subfield>
   </datafield>
   <datafield tag="653" ind2=" " ind1=" ">
      <subfield code="a">Nose -- Endoscopic surgery</subfield>
   </datafield>
   <datafield ind2="0" ind1="0" tag="245">
      <subfield code="a">Endoscopic Vidian neurectomy for treating postcoital unilateral hydrorhinorrhea: A case report and literature review</subfield>
   </datafield>
</record></metadata></record></GetRecord></OAI-PMH>